| 000 | 00382 a2200157 4500 | ||
|---|---|---|---|
| 001 | 74754 | ||
| 020 | _a9788581810805 | ||
| 040 | _cAnchieta - Colégio São Paulo | ||
| 100 | _aOrtega, Ligia | ||
| 240 | 1 | 0 |
_aGeografia nos dias de hoje, 9ºano _lpor |
| 245 | 1 | 0 | _aGeografia nos dias de hoje, 9ºano |
| 300 | _a96 | ||
| 362 | 0 | _a2012 | |
| 650 | 4 | _aGeografia e viagens | |
| 942 | _cBK | ||
| 999 |
_c74754 _d74754 |
||